000 00472 a2200169 4500
003 OSt
005 20231215141350.0
008 231215b |||||||| |||| 00| 0 eng d
020 _a8181430891
040 _coclc
082 _a891.43
_bJAI/U
100 _aJain, Nirmala
_9390
245 _aUDATT KE VISHYA MEIN /
_cNirmala Jain
260 _aNew Delhi:
_bVani Prakashan,
_c2004.
300 _a137p
942 _2ddc
_cBK
_h891.43
_iJAI/U
_k891.43
_mJAI/U
999 _c43420
_d43420